Statistics for Taylor Swift 84

Click here to take the quiz!

General Stats

  • This quiz has been taken 9 times
    (5 since last reset)
  • The average score is 449 of 498

Answer Stats

Answer% Correct
a
100%
and
100%
be
100%
can
100%
can't
100%
go
100%
gonna
100%
hate
100%
hater's
100%
haters
100%
I
100%
I'm
100%
in
100%
it
100%
just
100%
know
100%
like
100%
make
100%
my
100%
of
100%
off
100%
on
100%
over
100%
people
100%
say
100%
see
100%
shake
100%
stay
100%
the
100%
them
100%
there
100%
they
100%
to
100%
we
100%
what
100%
with
100%
you
100%
about
80%
alright
80%
as
80%
at
80%
baby
80%
beat
80%
been
80%
but
80%
'cause
80%
come
80%
could've
80%
dates
80%
don't
80%
down
80%
got
80%
his
80%
it's
80%
late
80%
least
80%
many
80%
mind
80%
moving
80%
music
80%
never
80%
nothing
80%
oh
80%
out
80%
play
80%
players
80%
saying
80%
stop
80%
that's
80%
think
80%
this
80%
too
80%
won't
80%
yeah
80%
you've
80%
brain
60%
break
60%
cheats
60%
cruising
60%
dancing
60%
dirty
60%
ex-man
60%
fake
60%
fakers
60%
feet
60%
getting
60%
girlfriend
60%
god
60%
good
60%
hair
60%
heartbreakers
60%
hey
60%
keep
60%
liars
60%
new
60%
own
60%
she's
60%
sick
60%
up
60%
world
60%
brought
40%
fella
40%
grooving
40%
hella
40%
lightning
40%
miss
40%
moves
40%
while
40%

Score Distribution

Percentile by Number Answered

Percent of People with Each Score

Your Score History

You have not taken this quiz since the last reset